00250nam a2200097Ia 4500008004100000082001400041100001900055245004100074260001700115600002000132241002s9999 xx 000 0 und d a362.1 HUX aHuxley, Julian 0aScientific Research and Social Needs aLondon:cN/A aSocial Sciences